00342nam a2200133Ia 4500008004100000020001500041041001200056082001100068100001800079245005600097260003900153300000800192650000800200221030s9999 xx 000 0 und d a8177585665 aEnglish a105.23 aK. L. Kishore 0aOperational Amplifiers & Linear Integrated Circuits bPearson EdcuationaNew Delhic2008 a424 aECE